Dr Seuss Book Title Match Quiz Stats

 Plays Quiz Updated Mar 17, 2020

Support Sporcle.
Go Orange.
Score 0/44 Timer 06:00
0 Plays Today
% Correct
How the Grinch
95.8%
Green
95.5%
One Fish Two Fish
94.5%
Horton Hears
94.4%
The Cat
94%
Yertle the
88.1%
Oh, the Places
87.6%
There's a Wocket
86.3%
The Cat in the Hat Comes
82.7%
Fox in
81.4%
Hop on
78%
The
77.1%
Horton Hatches
76.8%
Mr. Brown Can Moo!
73.7%
Oh Say Can
72.5%
Oh, the Thinks
70%
And To Think That I Saw It
67.5%
If I Ran
66.3%
Happy Birthday
65.7%
Hunches in
65.6%
If I Ran the
63.9%
The 500 Hats of
62.7%
% Correct
You're Only Old
62%
Did I Ever Tell You
61.6%
Dr. Seuss's Sleep
57.3%
My Book About
55.8%
I Am NOT
54.3%
I Can Read
54.2%
The Foot
49.1%
The Tough Coughs as He
45.7%
Thidwick the
43.8%
I Can Draw
39.7%
The Sneetches
38.5%
The Butter
37.9%
I Can Lick 30
37.4%
Marvin K. Mooney
37.1%
The Shape
33.7%
Bartholomew and the
32.6%
I Had Trouble in Getting to
27.9%
The Seven
27.5%
The King's
26.5%
McElligot's
25%
Scrambled Eggs
15.3%
On Beyond
14.8%

You're not logged in!

Compare scores with friends on all Sporcle quizzes.
OR
Log In

From the Vault

Harry Potter Movie Images (Minefield)

by El_Dandy

Unfortunately we're muggles so we can't use the Solvio Quizzius spell.
Remove Ads.
Support Sporcle.
Get the best of Sporcle when you Go Orange. This ad-free experience offers more features, more stats, and more fun while also helping to support Sporcle. Thank you for becoming a member.

Show Comments

Extras

Top Quizzes Today


Score Distribution

Your Account Isn't Verified!

In order to create a playlist on Sporcle, you need to verify the email address you used during registration. Go to your Sporcle Settings to finish the process.

Report this User

Report this user for behavior that violates our Community Guidelines.

Details: